| 000 | 02469nam0a2200361 4500 | ||
|---|---|---|---|
| 001 | RU\NLR\BIBL_A\022756623 | ||
| 005 | 20260517044116.0 | ||
| 010 |
_a978-5-00261-704-3 _9100 |
||
| 021 |
_aRU _bКН-П-26-004487 _9КН-П-26-0427 |
||
| 035 | _a(NLR Aleph) 022756623 | ||
| 090 |
_a13706984 _c13706984 |
||
| 100 | _a20260317d2025 k y0rusy50 ca | ||
| 101 | 0 |
_arus _deng |
|
| 102 | _aRU | ||
| 105 | _aa z 100yy | ||
| 181 | 0 |
_ai3 _baxxe |
|
| 182 | 0 | _an | |
| 200 | 1 |
_aЭкономический рост как основа устойчивого развития России _eсборник статей IX-ой Всероссийской научно-практической конференции, 04-05 декабря 2025 года, г. Курск _fФинансовый университет при Правительстве Российской Федерации, Курский филиал _gредакционная коллегия: Ильин А. Е. [и др.] |
|
| 203 |
_aТекст _bвизуальный _cнепосредственный |
||
| 210 |
_aКурск _cУниверситетская книга _d2025 |
||
| 215 |
_a578 с. _cил. _d21 |
||
| 300 | _aВ макете и вып. дан. дата проведения конф.: 15 декабря 2025 года | ||
| 300 | _aРез. англ. | ||
| 606 | 1 |
_aЭкономическая динамика _jСъезды, совещания и т.п _yРоссийская Федерация _92198736 _3RU\NLR\AUTH\661321357 |
|
| 686 | 1 | _aУ9(2)-961-314(2Р)я431 | |
| 702 | 1 |
_4340 _7ca _8rus _aИльин _bА. Е. _cд-р экон. наук _gАлексей Евгеньевич _914710 _3RU\NLR\AUTH\7731700 |
|
| 711 | 1 | 2 |
_a"Экономический рост как основа устойчивого развития России", всероссийская научно-практическая конференция _d9 _eКурск _f2025 _92702175 _3RU\NLR\AUTH\880640469 |
| 712 | 0 | 2 |
_4570 _aФинансовый университет при Правительстве Российской Федерации _bКурский филиал _cМосква _9324041 _3RU\NLR\AUTH\8810219311 |
| 942 | _cBOOK | ||
| 980 | _aNB | ||